|
|
|
|
| LEADER |
00000naa2a2200000 4500 |
| 001 |
384651 |
| 005 |
20231101063253.0 |
| 035 |
|
|
|a (RuTPU)RU\TPU\prd\11595
|
| 090 |
|
|
|a 384651
|
| 100 |
|
|
|a 20030317a2002 k y0rusy50 ca
|
| 101 |
0 |
|
|a rus
|
| 102 |
|
|
|a RU
|
| 200 |
1 |
|
|a Проблемы переработки отходов травления алюминийсодержащих сплавов
|f А. М. Гавриленков, С. Б. Зуева
|
| 225 |
1 |
|
|a Экологическая безопасность
|
| 461 |
|
1 |
|0 (RuTPU)RU\TPU\prd\1137
|t Безопасность жизнедеятельности
|o научно-практический и учебно-методический журнал
|d 2001-
|
| 463 |
|
1 |
|0 (RuTPU)RU\TPU\prd\6248
|t № 6
|v С. 26-27
|d 2002
|
| 610 |
1 |
|
|a отходы
|
| 610 |
1 |
|
|a экологическая безопасность
|
| 610 |
1 |
|
|a гальваническое травление
|
| 610 |
1 |
|
|a алюмогель
|
| 610 |
1 |
|
|a неорганические сорбенты
|
| 610 |
1 |
|
|a алюминийсодержащие сплавы
|
| 610 |
1 |
|
|a утилизация
|
| 610 |
1 |
|
|a захоронение
|
| 675 |
|
|
|a 628.5.51
|v 3
|
| 700 |
|
1 |
|a Гавриленков
|b А. М.
|
| 701 |
|
1 |
|a Зуева
|b С. Б.
|
| 801 |
|
1 |
|a RU
|b 63413507
|c 20030317
|g PSBO
|
| 942 |
|
|
|c BK
|